Introduction To Computing For Engineers (Record no. 27274)

MARC details
000 -LEADER
fixed length control field 00341nam a22001457a 4500
003 - CONTROL NUMBER IDENTIFIER
control field OSt
005 - DATE AND TIME OF LATEST TRANSACTION
control field 20220117104716.0
008 - FIXED-LENGTH DATA ELEMENTS--GENERAL INFORMATION
fixed length control field 220117b |||||||| |||| 00| 0 eng d
020 ## - INTERNATIONAL STANDARD BOOK NUMBER
International Standard Book Number 0070108757
040 ## - CATALOGING SOURCE
Transcribing agency HU
082 ## - DEWEY DECIMAL CLASSIFICATION NUMBER
Classification number 620.00285
100 ## - MAIN ENTRY--PERSONAL NAME
Personal name Chapra
9 (RLIN) 28173
245 ## - TITLE STATEMENT
Title Introduction To Computing For Engineers
942 ## - ADDED ENTRY ELEMENTS (KOHA)
Source of classification or shelving scheme Dewey Decimal Classification
Koha item type Books like text book referance book
Suppress in OPAC No
Holdings
Withdrawn status Lost status Source of classification or shelving scheme Damaged status Not for loan Home library Current library Shelving location Date acquired Total Checkouts Full call number Barcode Date last seen Copy number Price effective from Koha item type Collection code
    Dewey Decimal Classification     IoT Library IoT Library General Stacks 01/17/2022   620.00285/CHA IOTL0005588 01/17/2022 1 01/17/2022 Books like text book referance book  
    Dewey Decimal Classification     IoT Library IoT Library General Stacks 01/17/2022   620.00285/CHA IOTL0005589 01/17/2022 2 01/17/2022 Books like text book referance book  
    Dewey Decimal Classification     IoT Library IoT Library General Stacks 01/17/2022   620.00285/CHA IOTL0005590 01/17/2022 3 01/17/2022 Books like text book referance book  
    Dewey Decimal Classification     IoT Library IoT Library General Stacks 01/17/2022   620.00285/CHA IOTL0005591 01/17/2022 4 01/17/2022 Books like text book referance book  
    Dewey Decimal Classification     Wondo Genet Library Wondo Genet Library General Stacks 04/16/2022   620/.00285 CHA 1986 WGCFNRL00016954 04/16/2022 1 04/16/2022 Books like text book referance book Reference
    Dewey Decimal Classification     Wondo Genet Library Wondo Genet Library General Stacks 04/16/2022   620/.00285 CHA 1986 WGCFNRL00016955 04/16/2022 2 04/16/2022 Books like text book referance book Reference
    Dewey Decimal Classification     Wondo Genet Library Wondo Genet Library General Stacks 04/16/2022   620/.00285 CHA 1986 WGCFNRL00016956 04/16/2022 3 04/16/2022 Books like text book referance book Reference
    Dewey Decimal Classification     Wondo Genet Library Wondo Genet Library General Stacks 04/16/2022   620/.00285 CHA 1986 WGCFNRL00016957 04/16/2022 4 04/16/2022 Books like text book referance book Reference
    Dewey Decimal Classification     Wondo Genet Library Wondo Genet Library General Stacks 04/16/2022   620/.00285 CHA 1986 WGCFNRL00016958 04/16/2022 5 04/16/2022 Books like text book referance book Reference